History Quiz

Random History or Century Quiz

Time 20th Century People Quiz Stats

 Plays Quiz Updated Oct 22, 2018

Score 0/100 Timer 15:00
0 Plays Today
% Correct
Albert Einstein
76.5%
Adolf Hitler
75.3%
The Kennedys
74.4%
Franklin Delano Roosevelt
73.6%
Teddy Roosevelt
66.8%
Eleanor Roosevelt
65.6%
Winston Churchill
62.1%
Ronald Reagan
60.6%
The Beatles
58.5%
Bill Gates
50.8%
Martin Luther King
49%
V. I. Lenin
47.9%
Henry Ford
42.2%
Mao Zedong
41.1%
Mohandas Gandhi
39.5%
Nelson Mandela
37.4%
Marilyn Monroe
36.5%
Margaret Thatcher
36.3%
Pablo Picasso
34.9%
Bill Wilson
33.4%
Mikhail Gorbachev
31.3%
Louis Armstrong
30.6%
Diana, Princess of Wales
26.7%
Frank Sinatra
26.4%
Che Guevara
25.9%
Wilbur and Orville Wright
25.5%
Mother Teresa
24.3%
Charlie Chaplin
24.1%
Steven Spielberg
21.5%
Muhammad Ali
21.3%
Pope John Paul II
20.8%
Anne Frank
20.1%
Oprah Winfrey
19.8%
Francis Crick and James Watson
19.6%
% Correct
Rosa Parks
19.3%
Jackie Robinson
17.9%
Bob Dylan
16.9%
Jonas Salk
16.1%
Walt Disney
15.6%
Thomas Watson Jr
14.8%
Ho Chi Minh
14.7%
Sigmund Freud
14.5%
Marlon Brando
14.2%
Aretha Franklin
11.9%
Rachel Carson
10.5%
Alexander Fleming
10.3%
Charles Lindbergh
9.9%
Pelé
9.8%
Enrico Fermi
8.4%
Bart Simpson
8.4%
Bruce Lee
8.3%
The American G.I.
8.2%
Sam Walton
8.1%
Lech Walesa
8.1%
Lucille Ball
8%
Ayatullah Ruhollah Khomeini
7%
James Joyce
6.6%
Billy Graham
6.4%
Martha Graham
6.2%
David Ben-Gurion
5.9%
Coco Chanel
5.3%
Helen Keller
5.2%
John Maynard Keynes
4.5%
Margaret Sanger
4.4%
Igor Stravinsky
4.3%
Alan Turing
4.3%
T.S. Eliot
4.3%
Edmund Hillary and Tenzing Norgay
4.1%
% Correct
Harvey Milk
4.1%
Ray Kroc
4.1%
Edwin Hubble
4%
Unknown Rebel
4%
Rodgers and Hammerstein
4%
Louis B. Mayer
3.7%
Tim Berners-Lee
3.7%
Jim Henson
3.4%
Emmeline Pankhurst
3.2%
Robert Goddard
2.9%
Estee Lauder
2.8%
Ludwig Wittgenstein
2.7%
Le Corbusier
2.7%
Philo Farnsworth
2.5%
Charles 'Lucky' Luciano
2.5%
Jean Piaget
2.2%
Kurt Gödel
2.2%
Pete Rozelle
2.1%
Louis, Mary and Richard Leakey
2.1%
Andrei Sakharov
2.1%
Willis Carrier
2.1%
William Levitt
2%
Leo Burnett
2%
Stephen Bechtel
1.9%
William Shockley
1.9%
Charles Merrill
1.8%
David Sarnoff
1.7%
Leo Baekeland
1.7%
Akio Morita
1.7%
Juan Trippe
1.7%
Walter Reuther
1.6%
Amadeo Giannini
1.5%

You're not logged in!

Compare scores with friends on all Sporcle quizzes.
OR
Log In

Show Comments

Extras

Top Quizzes Today


Score Distribution

Your Account Isn't Verified!

In order to create a playlist on Sporcle, you need to verify the email address you used during registration. Go to your Sporcle Settings to finish the process.

Report this User

Report this user for behavior that violates our Community Guidelines.

Details: